| 000 | 01171nam a2200277 a 4500 | ||
|---|---|---|---|
| 001 | 000043991 | ||
| 003 | DO-SdBNP | ||
| 005 | 20240307073942.0 | ||
| 008 | 140512s2014 dr 000 0 spa d | ||
| 020 | _a9789945472332 | ||
| 040 |
_aDO-SdBNP _bspa _cBNPHU |
||
| 082 | 4 |
_a305.42 _bM671d _222 |
|
| 245 | 0 | 0 |
_aMiradas desencadenantes : _bhacia una construcción de la autonomía de las mujeres. |
| 260 |
_aSanto Domingo : _bINTEC, _c2014. |
||
| 300 |
_a435 p. ; _c23 cm. |
||
| 500 | _aA la cabeza del titulo: Conferencias Dominicanas de Estudios de Género | ||
| 504 | _aIncluye referencias bibliográficas y notas al pie de las páginas | ||
| 590 | _aInventariado, 2018/MFF | ||
| 650 | 4 |
_aFeminismo _zRepública Dominicana _xCongresos, conferencias, etc. _971950 |
|
| 650 | 4 |
_aMujeres en República Dominicana _98557 _vCongresos, conferencias, etc. |
|
| 650 | 4 |
_aDerechos de la mujer _zRepública Dominicana _98558 _vCongresos, conferencias, etc. |
|
| 650 | 4 |
_aDerechos de la mujer _zAmérica Latina _971951 _vCongresos, conferencias, etc. |
|
| 710 | 2 | 2 |
_aInstituto Tecnológico de Santo Domingo _978911 |
| 910 | _aValidado. Control de calidad MFF | ||
| 942 |
_2ddc _cLBS1 |
||
| 999 |
_c43480 _d43480 |
||